| 000 | 00577nam a2200181 i 4500 | ||
|---|---|---|---|
| 001 | 35041 | ||
| 003 | ES-MaACL | ||
| 005 | 20230906155037.0 | ||
| 007 | t| | ||
| 008 | 030211s1975 sp ||||1| spa d | ||
| 100 | 1 |
_aBoquera Oliver, José María. _930339 |
|
| 245 | 1 | 3 |
_aLa anulación de oficio de las licencias de edificación / _cJosé María Boquera Oliver. |
| 260 |
_aSevilla : _bAyuntamiemto, _c1975. |
||
| 300 |
_a47 p., 2 lám. ; _c25 cm. |
||
| 852 |
_aES-MaACL _j2100-F-4 _bR.93106 |
||
| 852 |
_aES-MaACL _j2100-F-6 _bR.93105 |
||
| 852 |
_aES-MaACL _j2100-F-7 _bR.93104 |
||
| 999 |
_c35041 _d35041 |
||